Jusqu'où irez vous ? #19 (Culture Générale) - Statistiques

Statistiques générales
  • Ce quiz a été pris 192 fois
  • Le résultat moyen est 28 sur 100
Statistiques - réponses
Hint Réponse % Correct
Géographie Quelle est la préfecture du Var ? A - Toul B - Toulon B
100%
HistoireQuel homme a eu comme conjointe Cossutia (85 à 84 av. J.-C.), Cornelia Cinna (84 à 68 av. J.-C.), Pompeia Sulla (68 à 63 av. J.-C.) et Calpurnia Pisonis (59 à 44 av. J.-C.) A - Commode B - Jules César B
100%
SportQuelle est le nom de la récompense décernée à l’équipe victorieuse du championnat de France de rugby à XV, le Top 14 : A - Le Bouclier de Brennus B - La Ceinture de Van Halen A
99%
SciencesComment appelle t-on un tourbillon de vents extrêmement violents, prenant naissance à la base d'un nuage d'orage (cumulonimbus) lorsque les conditions de cisaillement des vents sont favorables dans la basse atmosphère ? A - un Ouragan B - une Tornade B
99%
MusiqueComment s'appelle l'exercice de pratique musicale qui consiste en la lecture chantée des notes, dont l'exécutant doit respecter la durée, la hauteur, l'intensité et le phrasé ? A - L'accroche B - Le solfège B
98%
Animaux Lequel de ces animaux est herbivore ? A - la chèvre B - le renard
A
97%
Cinéma Comment s'appelle le petit garçon joué par Henry Thomas dans E.T., l'extra-terrestre (1982) A - Elliot B - James
A
97%
TVQuel était le titre de l'émission "Des chiffres et des lettres" lors de sa création ?
A - Le calcul le plus rapide B - Le mot le plus long
B
97%
Politique/EconomieQuel titre porte également le ministre de la Justice en France ? A - Garde des Sceaux B - Intendant du Numerus clausus A
94%
Littérature/LanguesQuelle est la traduction de Noir en Allemand ? A - Schwarz B - Weiß A
93%
Géographie
Dans quel continent se trouve Le Mékong, un fleuve de 4 350 km? A - Afrique B - Asie
B
93%
Histoire De quelle tribu indienne Geronimo, né le 16 juin 1829, a t-il été le chef de guerre ? A - Apache B - Cheyenne
A
91%
Sport
Dans quel sport l’équipe de France est surnommée « Team Yavbou » par ses joueurs:
A - Le hockey sur gazon B - Le volley-ball
B
85%
Sciences
Laquelle de ces planètes est la plus grande et la plus massive ?
A - la planète Mars B - la planète Terre
B
82%
MusiqueQui a réinterprété le Star Spangled Banner (hymne des États-Unis) à Woodstock dans un solo de guitare dans lequel il imite des bombardements de B-52 pendant la guerre du Vietnam ? A - Jimi Hendrix B - Joe Cocker A
78%
AnimauxQuelle proposition désigne une espèce d'amphibiens ? A - les Binettes B - les Rainettes B
75%
Cinéma Qui a réalisé Les Tuche 2 : Le Rêve américain de 2016 ? A - Kad Merad B - Olivier Baroux
B
73%
TV Qui a présenté Motus entre 1990 et 2019 ? A - Thierry Beccaro B - William Leymergie
A
72%
Politique/EconomieQuelle est la monnaie du Maroc ? A - Le Dirham Marocain B - Le Franc CFA A
72%
Littérature/LanguesQuel genre littéraire prend la forme de long poème d’envergure nationale narrant les exploits historiques ou mythiques d’un héros ou d’un peuple ? A - Chant royal B - Épopée B
71%
Géographie
Quel est le point culminant du Mont Everest et donc du toit du monde (données 2020) ? A - environ 8 049 mètres B - environ 8 849 mètres
B
66%
Histoire Quel homme Charlotte Corday a-t-elle assassinée le 13 juillet 1793 ?
A - Jean-Paul MaratB - Jean-Paul Sartre
A
61%
Sport En 1997, contre quel boxeur Mike Tyson est disqualifié pour avoir mordu et arraché un bout de l'oreille de son adversaire ? A - Evander Holyfield B - Lennox Lewis
A
53%
MusiqueQuelle proposition désigne un album d'AC/DC ? A - Highway to Hell B - The Number of the Beast A
53%
AnimauxQu'est ce qui cause le plus de Morts humaines par an selon le CNET, Business Insider, BBC News et tant d'autres sources ? A - les moustiques B - les serpents A
53%
Sciences Comment s'appelle la force particulière que subit un corps placé entièrement ou partiellement dans un fluide (liquide ou gaz) et soumis à un champ de gravité ? A - la conjecture de Goldbach B - la Poussée d'Archimède
B
53%
Cinéma Qui joue Cléopâtre dans Astérix et Obélix : Mission Cléopâtre de 2002 ? A - Isabelle Nanty B - Monica Bellucci
B
51%
TVSur quelle chaine est diffusé le clip "Thriller" de Michael Jackson en décembre 1983, ce qui provoque une explosion de ses ventes ? A - MCM B - MTV B
51%
Politique/EconomieLaquelle de ces propositions désigne le principal indice boursier de la Bourse de Tokyo ? A - Dax B - Nikkei B
44%
Littérature/LanguesQuelle locution latine signifie « Par le fait même. » : A - Ipse dixit B - Ipso facto B
40%
Géographie
Lequel de ces pays a la plus grande superficie, deux fois supérieure à l'autre ? A - Mongolie B - Turquie
A
39%
Histoire Quel est le nom donné aux réformes économiques et sociales menées par le président de l'URSS Mikhaïl Gorbatchev en Union soviétique d'octobre 1985 à décembre 1991 ? A - La bérézina B - La perestroïka
B
36%
Sport
Quel danois a remporté le Tour de France de cyclisme avant Jonas Vingegaard :
A - Bjarne Riis B - Rolf Sørensen
A
32%
SciencesPour quels travaux Marie Curie s'est vu décerné le prix Nobel de chimie en 1911 ? A - la découverte de la fission des noyaux lourds B - la découverte des éléments radium et polonium B
31%
MusiqueQui est cofondateur et guitariste du groupe de rock Queen avec le batteur Roger Taylor et le chanteur Freddie Mercury ? A - Brian May B - Dave Grohl A
30%
Animaux
Quelle est la race de chien de Milou dans les Aventures de Tintin ?
A - un cocker anglais B - un Fox-terrier à poil dur d'une blancheur atypique
B
28%
Cinéma Dans quel genre peut être classé le film Django Unchained de 2012 ? A - Néo-péplum B - Néo-western
B
28%
TV Quelle émission TV a été présenté par Nagui entre 1991 et 1995 ? A - L'Or à l'appel B - Que le meilleur gagne !
B
26%
Politique/EconomieLaquelle de ces propositions peut aussi désigner la crise financière de 2008 ? A - La crise des bons du Trésor B - La crise des subprimes B
26%
Littérature/LanguesLa plupart des Fables de la Fontaine sont inspirées des fables d'Ésope, Babrius et .. ? A - Dédale B - Phèdre B
23%
Géographie
Quel autre département que les Bouches du Rhône fait partie de La Camargue? A - Gard B - Vaucluse
A
20%
Histoire Lequel de ces personnages historiques a été Pharaon d'Égypte ? A - Alexandre le Grand B - Ponce Pilate
A
18%
Sport Quel pratiquant français de muay-thaï et d'arts martiaux mixtes (MMA) est surnommé "Bon Gamin" : A - Benoît Saint-Denis B - Ciryl Gane
B
14%
Sciences
Quel mot désigne l'ensemble des processus mentaux qui se rapportent à la fonction de connaissance et mettent en jeu la mémoire, le langage, le raisonnement, l'apprentissage, l'intelligence, la résolution de problèmes, la prise de décision, la perception ou l'attention?
A - La cognition B - La symbiose
A
13%
MusiqueQui a représenté la France au Concours de l'Eurovision de la chanson en 2008 ? A - Cindy Sander B - Sébastien Tellier B
12%
Animaux
Laquelle de ces propositions désigne le nom du mandrill dans Le Roi lion ?
A - Pumbaa
B - Rafiki
B
12%
Politique/EconomieQuelle est la rémunération net mensuel d'un(e) député(e) Français(e) en 2024 ? A - 5 953,34 € net mensuel B - 15 953,34 € net mensuel A
9%
Cinéma En version française, quel surnom est parfois donné au personnage central et principal protagoniste de la série de films d'horreur Saw ? A - le Tueur au Pendule B - le Tueur au Puzzle
B
9%
TV Quel est l'ancien nom de la chaîne TV CNews A - Direct 8 B - I-Télé
B
9%
Littérature/LanguesQui a publié le roman " J'irai cracher sur vos tombes" sous le pseudonyme de Vernon Sullivan en 1946 ? A - Boris Vian B - Frédéric Dard A
8%
Géographie
Dans quel Océan se trouve L'île de l'Ascension ? A - Océan Atlantique B - Océan Pacifique
A
5%
Histoire Combien de morts environ fit en tout la Bataille de Marignan de 1515 ?
A - 16 000 morts en seize heures de combat
B - 500 000 morts en 500 jours de combat
A
5%
Sport
Quelle joueuse de tennis a remporté l'Open d'Australie en 1995 et Roland-Garros en 2000 ?
A - Lindsay Davenport B - Mary Pierce
B
4%
Sciences Quel objet céleste est si compact que l'intensité de son champ gravitationnel empêche toute forme de matière ou de rayonnement de s'en échapper ? A - un halo galactique B - un trou noir
B
4%
MusiqueLaquelle de ces oeuvres est un opéra de Giuseppe Verdi ? A - Le Barbier de Séville B - La Traviata B
4%
AnimauxLaquelle de ces espèces d'oiseaux a la plus grande envergure maximale en mètres ? A - l' Albatros hurleur B - le Vautour moine A
3%
Cinéma Pour un budget de 50 millions de francs, quel film a attiré 14 millions de spectateurs au cinéma et fut classé à la première place du box-office français en 1993 ? A - Les Trois Frères B - Les Visiteurs
B
3%
TV Qui a gagné la 1ere saison de Loft Story en France avec Loana ? A - Aziz B - Christophe
B
3%
Politique/EconomieQuel est le pseudonyme du créateur du Bitcoin ? A - Changpeng Zhao B - Satoshi Nakamoto B
3%
Géographie
Quelle est la distance à vol d'oiseau entre Brest et Strasbourg ? A - environ 900 km B - environ 1500 km
A
2%
Histoire Quel autre homme que Jules Mazarin a été premier ministre sous Louis XIV ? A - Jean-Baptiste Colbert B - Jean-Baptiste Poquelin
A
2%
Sport
Qui était l'entraineur de l'Equipe de France de Handball masculin à l'époque où ils étaient surnommés les Costauds :
A - Claude Onesta B - Daniel Costantini
A
2%
CinémaQuel acteur joue le rôle de Brock Lovett, le coordinateur de l'équipe de fouille dans le film Titanic (1997) ? A - Bill Paxton B - Jonathan Hyde A
2%
TV Lors d'un des passages les plus cultes du Bigdil sur TF1, comment se nomme la candidate au téléphone à qui Lagaf demande de poser sa bière ? A - Gisèle B - Monique
A
2%
Littérature/LanguesQuel est le titre en anglais de Hamlet, la pièce de théâtre de William Shakespeare ? A - The Tragedy of Hamlet, Prince of Denmark B - The Truth of Hamlet, King of Paradox A
2%
Sport Comment s'appelle le circuit qui était le théatre du grand prix d'Europe de Formule 1 en 1984, en 1995 et 1996, puis de 1999 à 2007 ?
A - Nürburgring
B - Silverstone
A
2%
Sciences En dynamique des fluides, comment s'appelle l'onde de pression se déplaçant à la vitesse du son provoquée par un léger changement de pression dans un milieu compressible ? A - Onde de Mach B - Onde de Rayleigh
A
2%
Animaux Combien de kg de produits de la mer les français consomment ils (avec en tête de liste le saumon, le cabillaud, le lieu noir, la dorade et la truite) par an et par habitant ? A - environ 35 kg par an et par habitant B - environ 235 kg par an et par habitant
A
2%
Cinéma En 1992, quel film la maire Jeanne Briand fit interdire dans la commune Les Herbiers (Vendée) décrivant ce film comme une « apologie du crime et de la violence, qui exacerbe des pulsions qui peuvent conduire au viol » A - Basic Instinct B - Le Silence des agneaux
A
2%
Politique/EconomieComplétez le slogan de Philippe Poutou à la présidentielle de 2012 : Aux capitalistes de payer leurs ... ? A - Crises B - Salaires A
2%
Littérature/LanguesQuelle écrivaine française remporte le prix Nobel de littérature en 2022 ? A - Annie Ernaux B - Annie Lemoine A
2%
Histoire Quelle est la bataille du 16 et 19 octobre 1813 qui est connue comme la « bataille des Nations », une des plus importantes qui ait été livrée au cours des guerres napoléoniennes ? A - Bataille de Leipzig B - Bataille de Lübeck
A
2%
Littérature/LanguesLe Dormeur du val d'Arthur Rimbaud est : A - un poème en vers libres B - un sonnet en alexandrins B
2%
Sciences Quelle discipline scientifique étudie les effets néfastes d'une source — molécule, radiation, nanomatériaux, etc. — sur des organismes ou des systèmes biologiques ?
A - Biochimie
B - Toxicologie
B
2%
MusiqueComplétez Ma Philosophie d'Amel Bent : Je n'ai qu'une philosophie Être acceptée comme je suis Malgré tout ce qu'on me dit Je reste le... A - bras tendu B - poing levé B
2%
Animaux Lequel de ces animaux ne se trouve pas en France à l’état sauvage ? A - le Chamois B - le Glouton
B
2%
Politique/EconomieQui était Ministre de la Jeunesse et des Sports quand la France a gagné la coupe du Monde 1998 de Football ? A - Jean-François Lamour B - Marie-George Buffet B
2%
Géographie
Dans quel État américain se trouve le Mont Rushmore ? A - Caroline du Nord B - Dakota du Sud
B
2%
Histoire Lors de quel noël le dirigeant central de la Roumanie communiste Nicolae Ceaușescu et son épouse Elena ont ils été exécutés ? A - Le 25 décembre 1979 B - Le 25 décembre 1989
B
2%
MusiqueComplétez le single de Daft Punk, sorti en 2001 :Harder, Better, Faster, ... ? A - bigger B - stronger B
2%
TV Quel établissement public français est chargé de la sauvegarde, de la valorisation et de la transmission du patrimoine audiovisuel ? A - ARCOM B - INA
B
2%
Géographie :
Dans quel pays se trouvent les villes de Puente Alto, Viña del Mar, Antofagasta et Valparaíso? A - Bolivie B - Chili
B
2%
Sciences Qui est considéré comme le fondateur de la spéléologie moderne ? A - Édouard-Alfred Martel B - Philippe Leclerc de Hauteclocque
A
1%
Animaux
Laquelle de ces propositions désigne un prénom dans le Top 10 des noms de chiens et aussi de chats les plus donnés en France en 2024 d'après les inscriptions au Livre des Origines Français (LOF) ?
A - Vanille
B - Wolf
A
1%
Politique/EconomieQuelle fonction Jean-Luc Mélenchon a t-il déjà occupé ? A - Ministre délégué à l'Enseignement professionnel B - Président du conseil régional du Limousin A
1%
Littérature/LanguesQui est auteur avec Alain Soral de Dialogues désaccordés: combat de Blancs dans un tunnel en 2013 ? A - Eric Naulleau B - Michel Onfray A
1%
Géographie
Quelle était la population totale de l'Australie en 2024 (source wiki) ? A - 27 204 809 habitants B - 47 204 809 habitants
A
1%
MusiqueQuel artiste a été le candidat le plus vieux de l'Histoire de la Star Academy en France, participant à la saison 5 à l'âge de 37 ans ? A - Pascal Mono B - Thierry Amiel A
1%
Animaux
Comment nomme t-on les petits du gnou ?
A - Les gaous B - Les gnoussins
A
1%
TV Où se déroulait Domino Day l'événement annuel regroupant des scènes de chutes de dominos diffusé régulièrement sur différentes chaînes françaises ? A - à Leeuwarden aux Pays-Bas B - à Leiria au Portugal
A
1%
Politique/EconomieQui arrive en dernière position, avec 0,34 % des suffrages exprimés lors de l'election présidentielle de 2007 en se présentant comme le « candidat des maires » ? A - Gérard Schivardi B - José Bové A
1%
Littérature/LanguesQuel est le titre donné par Alexandre Dumas à son roman qui fait suite aux Trois Mousquetaires ? A - Vingt Ans après B - Vingt Ans plus tard A
1%
Sport
Qui accompagnait Patricia Girard, Muriel Hurtis et Christine Arron dans le relais du 4 × 100 m des françaises championnes du Monde d'Athlétisme à Paris en 2003 :
A - Eunice Barber B - Sylviane Felix
B
1%
MusiqueComment s'appelle la chanson écrite, composée et interprétée par Serge Gainsbourg en duo avec sa fille Charlotte, parue en 1984 ? A - Citrus Sin B - Lemon Incest B
1%
Cinéma
Quelle est la couleur de la pilule que choisit Neo dans Matrix (1999), celle pour révéler la vérité sur la Matrice?
A - la bleue B - la rouge
B
1%
TV Dans quelle émission TV Serge Gainsbourg a t-il brûlé en direct un billet de 500 francs pour dénoncer le taux d'imposition auquel il était assujetti ? A - L'Heure de vérité B - 7 sur 7
B
1%
HistoireQuel pays a subit le plus de perte de vies humaines lors de la Seconde Guerre Mondiale du côté des Forces de l'Axe après l'Allemagne et le Japon ? A - La Bulgarie B - La Hongrie B
1%
Sport
Qui a remporté le Ballon d'Or en 1961 :
A - Gianni Rivera B - Omar Sívori
B
1%
Sciences
Quelle est la masse de Little Boy, la bombe A qui fut larguée sur Hiroshima au Japon le 6 août 1945 à 8 h 15 en sachant qu'elle contenait un peu plus de 64 kg d'uranium 235, dont « seulement » 700 g entrèrent en fission?
A - environ 220 kg B - environ 4400 kg
B
1%
Cinéma
Quel objet ayant des pouvoirs psychokinétiques, commence une frénésie meurtrière en plein désert californien dans le film Rubber réalisé par Quentin Dupieux en 2010 ?
A - une boule de billard B - un pneu
B
1%
Aucun quiz correspondant
Distribution des résultats
% des personnes avec chaque résultat
Percentile par nombre de réponses
Votre historique - résultats
Vous n’avez pas pris ce quiz